The errors when determining the thermophysical characteristics of liquids by the laser flash method; MATEC Web of Conferences; Vol. 92 : Thermophysical Basis of Energy Technologies (TBET-2016)
| Parent link: | MATEC Web of Conferences Vol. 92 : Thermophysical Basis of Energy Technologies (TBET-2016).— 2017.— [01055, 6 p.] |
|---|---|
| Hovedforfatter: | |
| Corporate Authors: | , |
| Andre forfattere: | |
| Summary: | Title screen The analysis of errors in determining the thermophysical characteristics of typical organic liquids, specified by conductive-radiative heat transfer of ultrathin heated up to high temperature sample layer, under conditions consistent with the implementation of the laser pulse method, when exposed to the surface of the collimated laser pulse of finite duration was made. The influence to the error of the radiation absorption process was discovered. |
| Sprog: | engelsk |
| Udgivet: |
2017
|
| Fag: | |
| Online adgang: | http://dx.doi.org/10.1051/matecconf/20179201055 http://earchive.tpu.ru/handle/11683/36706 |
| Format: | MixedMaterials Electronisk Book Chapter |
| KOHA link: | https://koha.lib.tpu.ru/cgi-bin/koha/opac-detail.pl?biblionumber=653007 |
MARC
| LEADER | 00000nla2a2200000 4500 | ||
|---|---|---|---|
| 001 | 653007 | ||
| 005 | 20240112165226.0 | ||
| 035 | |a (RuTPU)RU\TPU\network\18391 | ||
| 035 | |a RU\TPU\network\18389 | ||
| 090 | |a 653007 | ||
| 100 | |a 20170203a2017 k y0engy50 ba | ||
| 101 | 0 | |a eng | |
| 105 | |a y z 100zy | ||
| 135 | |a drcn ---uucaa | ||
| 181 | 0 | |a i | |
| 182 | 0 | |a b | |
| 200 | 1 | |a The errors when determining the thermophysical characteristics of liquids by the laser flash method |f M. D. Kats, I. M. Kats | |
| 203 | |a Text |c electronic | ||
| 300 | |a Title screen | ||
| 320 | |a [References: 18 tit.] | ||
| 330 | |a The analysis of errors in determining the thermophysical characteristics of typical organic liquids, specified by conductive-radiative heat transfer of ultrathin heated up to high temperature sample layer, under conditions consistent with the implementation of the laser pulse method, when exposed to the surface of the collimated laser pulse of finite duration was made. The influence to the error of the radiation absorption process was discovered. | ||
| 461 | 0 | |0 (RuTPU)RU\TPU\network\4526 |t MATEC Web of Conferences | |
| 463 | 0 | |0 (RuTPU)RU\TPU\network\18128 |t Vol. 92 : Thermophysical Basis of Energy Technologies (TBET-2016) |o Proceedings of the Conference, October 26-28, 2016, Tomsk, Russia |f National Research Tomsk Polytechnic University (TPU) ; eds. G. V. Kuznetsov ; P. A. Strizhak ; A. O. Zhdanova |v [01055, 6 p.] |d 2017 | |
| 610 | 1 | |a электронный ресурс | |
| 610 | 1 | |a труды учёных ТПУ | |
| 610 | 1 | |a теплофизические характеристики | |
| 610 | 1 | |a жидкости | |
| 610 | 1 | |a лазерная вспышка | |
| 610 | 1 | |a органические жидкости | |
| 610 | 1 | |a теплопередача | |
| 610 | 1 | |a лазерные импульсы | |
| 700 | 1 | |a Kats |b M. D. |c specialist in the field of power engineering |c Associate Professor of Tomsk Polytechnic University, Candidate of physical and mathematical sciences |f 1947- |g Mark Davydovich |3 (RuTPU)RU\TPU\pers\35122 |9 18397 | |
| 701 | 1 | |a Kats |b I. M. |c specialist in the field of electricity |c associate Professor of Tomsk Polytechnic University, candidate of technical Sciences |f 1983- |g Iljya Markovich |3 (RuTPU)RU\TPU\pers\35202 |9 18467 | |
| 712 | 0 | 2 | |a Национальный исследовательский Томский политехнический университет (ТПУ) |b Энергетический институт (ЭНИН) |b Кафедра автоматизации теплоэнергетических процессов (АТП) |3 (RuTPU)RU\TPU\col\18678 |
| 712 | 0 | 2 | |a Национальный исследовательский Томский политехнический университет (ТПУ) |b Энергетический институт (ЭНИН) |b Кафедра электроэнергетических систем (ЭЭС) |3 (RuTPU)RU\TPU\col\18675 |
| 801 | 2 | |a RU |b 63413507 |c 20170213 |g RCR | |
| 856 | 4 | |u http://dx.doi.org/10.1051/matecconf/20179201055 | |
| 856 | 4 | |u http://earchive.tpu.ru/handle/11683/36706 | |
| 942 | |c CF | ||